00545pab a2200169 454500008004000000100001900040245012000059260000900179300001400188362000800202650002500210650003100235650002100266700001900287700001700306773005200323180718b2002 xxu||||| |||| 00| 0 eng d aAkindele, S.T. aFiscal federalism and local government finance in Nigeria: an examination of revenue rights and fiscal jurisdiction c2002 ap.557-77. aDec aFederalism - Nigeria aLocal government - Nigeria aLocal government aObiyan, A. Sat aOlaopa, O.R. aInternational Review of Administrative Sciences